00543nam a2200133Ia 4500008004100000100003600041245011500077245008200192260005300274260000900327300001100336650001500347856004700362170221s9999 xx 000 0 und d aSafaa Ibrahim Mahmood Al-Nuaimi 4aThe Link between Information Technology, Activity-based Costing Implementation and Organizational Performance  cSafaa Ibrahim Mahmood Al-Nuaimi, Rapiah Mohamed, Jamal Mohammed Esmail Alekam bInternational Review of Management and Marketing c2016 a15 : 8 xMarketing. uhttp://www.econjournals.com/index.php/irmm